logo

Bir Sreshtho Munshi Abdur Rouf Library
Jhenaidah Cadet College

Personnel / Human Resource Management / (Record no. 5938)

MARC details
000 -LEADER
fixed length control field 00724nam a2200265 a 4500
001 - CONTROL NUMBER
JCCL Control Number 5938
003 - CONTROL NUMBER IDENTIFIER
JCCL marc code BD-JhCC
005 - DATE AND TIME OF LATEST TRANSACTION
control field 20180101121917.0
008 - FIXED-LENGTH DATA ELEMENTS--GENERAL INFORMATION
fixed length control field 171231s1989 ii a|||| || | 001 0 eng d
020 ## - INTERNATIONAL STANDARD BOOK NUMBER
International Standard Book Number 8185274835
035 ## - SYSTEM CONTROL NUMBER
system control number (BD-JhCC)5938
040 ## - CATALOGING SOURCE
Original cataloging agency BD-JhCC
Modifying agency BD-JhCC
041 ## - LANGUAGE CODE
Language code of Book eng
082 ## - DEWEY DECIMAL CLASSIFICATION NUMBER
Classification number 646
Author mark and Year HEN 1989
100 ## - MAIN ENTRY--PERSONAL NAME
Personal name Heneman, Herbert G.
245 ## - TITLE STATEMENT
Title Personnel / Human Resource Management /
Statement of responsibility, etc Herbert G. Heneman, Donald P. Schwab & John A. Fossum
250 ## - EDITION STATEMENT
Edition statement 4th ed.
260 ## - PUBLICATION, DISTRIBUTION, ETC. (IMPRINT)
Place of publication, distribution, etc New Delhi :
Name of publisher, distributor, etc Universal Book Stall,
Date of publication, distribution, etc 1989.
300 ## - PHYSICAL DESCRIPTION
Pagination 740 p. :
Dimensions 22 cm.
650 ## - SUBJECT ADDED ENTRY--TOPICAL TERM
Topical term or geographic name as entry element Personal Mangement
700 ## - ADDED ENTRY--PERSONAL NAME
Personal name Schwab, Donald P.
700 ## - ADDED ENTRY--PERSONAL NAME
Personal name Fossum, John A.
942 ## - ADDED ENTRY ELEMENTS (KOHA)
Source of classification or shelving scheme Dewey Decimal Classification
Koha item type Books
Holdings
Source of classification or shelving scheme Damaged status Not for loan Home library Current library Shelving location Date of accession Total Checkouts Full call number Barcode Date last seen Copy number Koha item type
Dewey Decimal Classification     JCC Rouf Library JCC Rouf Library General Stacks 12/31/2017   646 HEN 1989 8397 12/31/2017 C - 1 Books

JCC Library | Contacts | JCC Home

Last Update on 23 September 2017
Copyright @ 2017-2020 JCC Rouf Library
Rouf Library, Jhenidah Cadet College (JCC), Bangladesh